Uno o dos - Prueba de clic - Estadísticas

Estadísticas generales
  • Esta prueba ha sido intentada 44 veces
  • La puntuación promedio es 19 de 30
Estadísticas de respuestas
Hint Respuesta % Correcto
Representado por el prefijo «mono» 1
84%
En el ajedrez, cada jugador comienza con este número de caballos 2
81%
En inglés, comienza con O 1
78%
Número de países cuya primera letra es la «Z» 2
78%
Número de esposas que ha tenido Lionel Messi 1
76%
Homófono de huno 1
76%
La persona promedio tiene este número de riñones 2
76%
Un número impar 1
73%
Puntos por lanzar un tiro libre en baloncesto 1
70%
Multiplica 25x5. ¿Cuál es el primer dígito? 1
70%
Es su propia raíz cuadrada 1
68%
Si estás 15-love arriba en tenis, has anotado esta cantidad de puntos 1
68%
Número de países cuya primera letra es la «Q» 1
68%
Número de reinas inglesas llamadas Isabel 2
68%
Países que han abandonado la UE 1
65%
Número de elementos de la Tabla Periódica que comienzan con X 1
62%
Número de países con más de un millardo de habitantes 2
62%
Veces que Inglaterra ha ganado la Copa Mundial de la FIFA 1
59%
Número de personas que caminaron sobre la luna durante el Apolo 11 misión.
2
59%
Jorobas en un camello bactriano 2
57%
Número atómico del helio 2
57%
Países sin litoral en Súdamerica 2
57%
Puntos para la letra «E» en Scrabble 1
54%
Número de satélites marciano 2
51%
Número de presidentes de EE.UU. con el apellido Roosevelt 2
51%
Mayús + este número = ! 1
49%
Número de dados en un juego estándar de Monopolio 2
49%
Se ve así en chino : 二 2
46%
Número de cónsules elegidos anualmente en la antigua Roma 2
32%
Un número primo 2
22%
No se encontraron pruebas coincidentes
Distribución de puntuación
Porcentaje de gente con cada puntuación
Porcentaje por número respondido
Historial de tus puntuaciones
No has intentado esta prueba.